000 00608nam a2200229Ia 4500
003 OSt
005 20220923213445.0
006 a|||||r|||| 00| 0
007 ta
008 220922b |||||||| |||| 00| 0 hin d
024 _a162,167
037 _cTextual
040 _aARTS
_cARTS
_bhin
041 _2hin
_ahin
082 _aO152:3M80:17, J6;2
100 _aप्रेमचंद
_9156277
245 0 _aप्रेमाश्रम
246 _aPremāshrama
260 _c1956
942 _hO152:3M80:17, J6;2
_cTEXL
_2CC
999 _c316670
_d316670